| 000 | 00988nam a2200301 a 4500 | ||
|---|---|---|---|
| 999 |
_c232669 _d232669 |
||
| 001 | 972670 | ||
| 003 | nust | ||
| 005 | 20180117090023.0 | ||
| 008 | 850828s1986 ilua b 001 0 eng | ||
| 010 | _a 85081465 | ||
| 020 | _a0256033420 | ||
| 040 |
_aDLC _cDLC _dDLC |
||
| 050 | 0 | 0 |
_aHF1411 _b.L536 1986 |
| 082 | 0 | 0 |
_a337 _219 |
| 100 | 1 | _aLindert, Peter H. | |
| 245 | 1 | 0 |
_aInternational economics / _cPeter H. Lindert. |
| 250 | _a8th ed. | ||
| 260 |
_aHomewood, Ill. : _bIrwin, _c1986. |
||
| 300 |
_a1 v. (various pagings) : _bill. ; _c25 cm. |
||
| 490 | 0 | _aIrwin publications in economics | |
| 504 | _aIncludes bibliography and index. | ||
| 650 | 0 | _aInternational economic relations. | |
| 650 | 0 | _aCommercial policy. | |
| 650 | 0 | _aForeign exchange. | |
| 906 |
_a7 _bcbc _corignew _d3 _eopcn _f19 _gy-gencatlg |
||
| 942 |
_2ddc _cBK |
||